<?xml version="1.0" encoding="UTF-8"?>
<collection xmlns="http://www.loc.gov/MARC21/slim">
 <record>
  <leader>02348pam a22002898a 4500</leader>
  <controlfield tag="001">00022845</controlfield>
  <controlfield tag="005">20171026081025.0</controlfield>
  <controlfield tag="008">110606s2007                  ||||||Viesd</controlfield>
  <datafield tag="041" ind1="0" ind2="#">
   <subfield code="a">Vie</subfield>
  </datafield>
  <datafield tag="082" ind1="1" ind2="#">
   <subfield code="a">809</subfield>
   <subfield code="b">GI108TR</subfield>
  </datafield>
  <datafield tag="100" ind1="0" ind2="#">
   <subfield code="a">Lưu Đức Trung</subfield>
   <subfield code="e">Chủ biên</subfield>
  </datafield>
  <datafield tag="245" ind1="0" ind2="0">
   <subfield code="b">Sách dành cho CĐSP</subfield>
   <subfield code="c">Lưu Đức Trung, Trần Lê Bảo, Lê Huy Bắc</subfield>
   <subfield code="n">T.1</subfield>
   <subfield code="a">Giáo trình văn học thế giới</subfield>
  </datafield>
  <datafield tag="260" ind1="#" ind2="#">
   <subfield code="a">H.</subfield>
   <subfield code="b">Đại học sư phạm</subfield>
   <subfield code="c">2007</subfield>
  </datafield>
  <datafield tag="300" ind1="#" ind2="#">
   <subfield code="a">332 tr.</subfield>
   <subfield code="c">24 cm.</subfield>
  </datafield>
  <datafield tag="500" ind1="#" ind2="#">
   <subfield code="a">Đầu bìa sách ghi : Bộ Giáo dục và Đào tạo. Dự án phát triển giáo viên THCS</subfield>
  </datafield>
  <datafield tag="650" ind1=" " ind2=" ">
   <subfield code="a">Nghiên cứu văn học</subfield>
  </datafield>
  <datafield tag="650" ind1=" " ind2=" ">
   <subfield code="a">Thơ</subfield>
  </datafield>
  <datafield tag="650" ind1=" " ind2=" ">
   <subfield code="a">Văn học cận đại</subfield>
  </datafield>
  <datafield tag="653" ind1="#" ind2="#">
   <subfield code="a">Giáo trình</subfield>
  </datafield>
  <datafield tag="700" ind1="0" ind2="#">
   <subfield code="a">Lê Huy Bắc</subfield>
   <subfield code="e">tác giả</subfield>
  </datafield>
  <datafield tag="700" ind1="0" ind2="#">
   <subfield code="a">Trần Lê Bảo</subfield>
   <subfield code="e">tác giả</subfield>
  </datafield>
  <datafield tag="852" ind1="#" ind2="#">
   <subfield code="b">Kho giáo trình</subfield>
   <subfield code="j">KGT.0024205, KGT.0024206, KGT.0024207, KGT.0024208, KGT.0024209, KGT.0024210, KGT.0024211, KGT.0024212, KGT.0024213, KGT.0024214, KGT.0024215, KGT.0024216, KGT.0024217, KGT.0024218, KGT.0024219, KGT.0024220, KGT.0024221, KGT.0024222, KGT.0024223, KGT.0024224, KGT.0024225, KGT.0024226, KGT.0024227, KGT.0024228, KGT.0024229, KGT.0024230, KGT.0024231, KGT.0024232, KGT.0024233, KGT.0024234, KGT.0024235, KGT.0024236, KGT.0024237, KGT.0024238, KGT.0024239, KGT.0024240, KGT.0024241, KGT.0024242, KGT.0024243, KGT.0024244, KGT.0024245, KGT.0024246, KGT.0024247, KGT.0032398, KGT.0033016, KGT.0033215, KGT.0033622</subfield>
  </datafield>
  <datafield tag="852" ind1="#" ind2="#">
   <subfield code="b">Kho mượn</subfield>
   <subfield code="j">KGT.0024205, KGT.0052515</subfield>
  </datafield>
  <datafield tag="852" ind1="#" ind2="#">
   <subfield code="b">Kho đọc</subfield>
   <subfield code="j">KD.0009232</subfield>
  </datafield>
  <datafield tag="852" ind1="#" ind2="#">
   <subfield code="j">KGT.0032398</subfield>
   <subfield code="j">KGT.0024205</subfield>
   <subfield code="j">KGT.0024207</subfield>
   <subfield code="j">KGT.0024208</subfield>
   <subfield code="j">KGT.0024210</subfield>
   <subfield code="j">KGT.0024212</subfield>
   <subfield code="j">KGT.0024213</subfield>
   <subfield code="j">KGT.0024215</subfield>
   <subfield code="j">KGT.0024216</subfield>
   <subfield code="j">KGT.0024218</subfield>
   <subfield code="j">KGT.0024219</subfield>
   <subfield code="j">KGT.0024221</subfield>
   <subfield code="j">KGT.0024222</subfield>
   <subfield code="j">KGT.0024224</subfield>
   <subfield code="j">KGT.0024225</subfield>
   <subfield code="j">KGT.0024227</subfield>
   <subfield code="j">KGT.0024228</subfield>
   <subfield code="j">KGT.0024230</subfield>
   <subfield code="j">KGT.0024232</subfield>
   <subfield code="j">KGT.0024233</subfield>
   <subfield code="j">KGT.0024235</subfield>
   <subfield code="j">KGT.0024236</subfield>
   <subfield code="j">KGT.0024238</subfield>
   <subfield code="j">KGT.0024239</subfield>
   <subfield code="j">KGT.0024241</subfield>
   <subfield code="j">KGT.0024243</subfield>
   <subfield code="j">KGT.0024245</subfield>
   <subfield code="j">KGT.0024246</subfield>
   <subfield code="j">KGT.0052515</subfield>
   <subfield code="j">KD.0009232</subfield>
   <subfield code="j">KGT.0033016</subfield>
   <subfield code="j">KGT.0033215</subfield>
   <subfield code="j">KGT.0033622</subfield>
   <subfield code="j">KGT.0024206</subfield>
   <subfield code="j">KGT.0024209</subfield>
   <subfield code="j">KGT.0024211</subfield>
   <subfield code="j">KGT.0024214</subfield>
   <subfield code="j">KGT.0024217</subfield>
   <subfield code="j">KGT.0024220</subfield>
   <subfield code="j">KGT.0024223</subfield>
   <subfield code="j">KGT.0024226</subfield>
   <subfield code="j">KGT.0024229</subfield>
   <subfield code="j">KGT.0024231</subfield>
   <subfield code="j">KGT.0024234</subfield>
   <subfield code="j">KGT.0024237</subfield>
   <subfield code="j">KGT.0024240</subfield>
   <subfield code="j">KGT.0024244</subfield>
   <subfield code="j">KGT.0024247</subfield>
  </datafield>
  <datafield tag="910" ind1="#" ind2="#">
   <subfield code="a">nhnam</subfield>
   <subfield code="d">06/06/2011</subfield>
  </datafield>
  <datafield tag="980" ind1="#" ind2="#">
   <subfield code="a">Trung tâm Học liệu Lê Vũ Hùng, Trường Đại học Đồng Tháp</subfield>
  </datafield>
 </record>
</collection>
